| 000 | 00593nam a2200205Ia 4500 | ||
|---|---|---|---|
| 008 | 100315s9999 xx 000 0 und d | ||
| 020 | _a0070964653 | ||
| 082 |
_b1971 _a658.15 |
||
| 100 | _a"KHAN, M. Y. JAIN, P. K. " | ||
| 245 | _aFinancial Management | ||
| 260 |
_aNew Delhi _bTATA MCGROW-HILL _c1984 |
||
| 300 | _a"XII,771p. " | ||
| 365 |
_eAus.Sch. _d1 _b0.00 |
||
| 366 | _f0 | ||
| 530 | _b- | ||
| 620 | _a"Financial ManagementInvestment Decision, Policy Decision " | ||
| 630 | _aFinancial Management | ||
| 730 | _aFinancial Management | ||
| 942 | _cBOOK | ||
| 999 |
_c476706 _d476703 |
||